000 01423nab a22002777a 4500
999 _c6368
_d6368
003 OSt
005 20260131205758.0
008 190603e xxum|||| |||| 00| 0 spa d
040 _cPJ
100 _97015
_aTabares, Julieta C.
245 1 0 _aContratación electrónica y proceso ejecutivo
_blímites probatorios tendientes a la tutela del consumidor /
_cJulieta C. Tabares.
260 _cCiudad Autónoma de Buenos Aires :
_aThomson Reuters La Ley,
_b2025.
300 _ap. 260-270
500 _aCita: TR LALEY AR/DOC/2861/2025 Publicado en: RCCyC 2025 (Diciembre).
505 _aSumario: I. Panorama del caso.— II. Fallo de la Cámara Nacional de Apelaciones en lo Comercial.— III. Las cuestiones centrales del caso en análisis.— IV. Conclusión.
505 _aFallo comentado: CNCom., sala A ~ 09/06/2025 ~ Banco de Galicia y Buenos Aires SAU c. Baldassarre, Maximiliano Alejandro s/ ejecutivo.
505 _t¿Te interesa el texto completo? Solicitalo al correo: koha@justierradelfuego.gov.ar
650 0 _aCONTRATOS
_93463
650 0 _aDEFENSA DEL CONSUMIDOR
_92597
650 0 _aTARJETA DE CRÉDITO
_91830
650 0 _aTÍTULOS EJECUTIVOS
_96228
650 0 _aDERECHOS DEL CONSUMIDOR
_92608
650 0 _aFIRMA DIGITAL
_9282
773 0 _02713
_93170
_dCiudad Autónoma de Buenos Aires : Thomson Reuters La Ley, 2015-
_tRevista Código Civil y Comercial. Nº 6 - Diciembre 2025
942 _2udc
_cANA